000 00978nam a2200289 i 4500
003 EG-GICUC
005 20260228091712.0
008 260228s1979 uk ||||fr|||| 00| 0 eng d
040 _aEG-GiCUC
_beng
_cEG-GiCUC
_dEG-GiCUC
_eRda
082 0 4 _221
_a341.48
_bCO . C
092 0 4 _221
099 _aLaw1 11 341.48 CO . C 1979
110 0 _kCouncil of Europe
_eAuthor.
245 1 0 _aCollected Edition of the "Travaux Préparatoires" of the European Convention on Human Rights.
_nVolume V /
_cCouncil of Europe.
_b
264 1 _aLondon :
_bMartinus Nijhoff Publishers,
_c1979.
300 _a356page :
_billustration ;
_c 24 cm.
336 _2rda contenu
_a texte
337 _2rda medias
_aOrdinateur
338 _2 transporteur rda
_a Ressource en ligne
504 _a
546 _aText in English
650 1 4 _aPublic international law
_2
651 1 _2
856 4 0 _uhttps://fll.law.cu.edu.eg/fulltext/bks/B11-09191.pdf
905 _a50
942 _2ddc
_cBK
_e21
_n0
999 _c64342
_d64342